| 000 | 00792cac a22002295a 4500 | ||
|---|---|---|---|
| 005 | 20201128013207.0 | ||
| 008 | 180207t2006 njua fr 001 0 eng d | ||
| 020 | _a0131485210 | ||
| 020 | _a9780131485211 | ||
| 040 |
_aEG-ScBUE _beng _cEG-ScBUE _dEG-ScBUE |
||
| 082 | 0 | 4 |
_a001.642 _bTAN _222 |
| 100 | 1 |
_aTanenbaum, Andrew S., _936862 _d1944- |
|
| 245 | 1 | 0 |
_aStructured computer organization / _cAndrew S. Tanenbaum. |
| 250 | _a5th ed. | ||
| 260 |
_aUpper Saddle River : _bPearson Prentice Hall / Pearson Education, _cc.2006. |
||
| 300 |
_axx, 777 p. : _bill. ; _c25 cm + _e1 CD-ROM (4 3/4 in.) |
||
| 500 | _aIncludes index. | ||
| 650 | 7 |
_aComputer programming. _2BUEsh _93821 |
|
| 650 | 7 |
_aComputer organization. _2BUEsh _9959 |
|
| 653 |
_bGGEN _bCOMSCI _cFebruary2018 |
||
| 942 |
_k005.1TAN _cBB _2ddc |
||
| 999 |
_c456 _d456 |
||